<?xml version="1.0" encoding="UTF-8"?>
<record
    xmlns:xsi="http://www.w3.org/2001/XMLSchema-instance"
    xsi:schemaLocation="http://www.loc.gov/MARC21/slim http://www.loc.gov/standards/marcxml/schema/MARC21slim.xsd"
    xmlns="http://www.loc.gov/MARC21/slim">

  <leader>01336nam a22003015a 4500</leader>
  <datafield tag="999" ind1=" " ind2=" ">
    <subfield code="c">27321</subfield>
    <subfield code="d">27292</subfield>
  </datafield>
  <controlfield tag="003">EG-ScBUE</controlfield>
  <controlfield tag="005">20190330100713.0</controlfield>
  <controlfield tag="008">190330s2017    ua     frb    000 0 ara d</controlfield>
  <datafield tag="020" ind1=" " ind2=" ">
    <subfield code="a">9789778502534</subfield>
  </datafield>
  <datafield tag="040" ind1=" " ind2=" ">
    <subfield code="a">EG-ScBUE</subfield>
    <subfield code="b">ara</subfield>
    <subfield code="c">EG-ScBUE</subfield>
    <subfield code="d">EG-ScBUE</subfield>
  </datafield>
  <datafield tag="043" ind1=" " ind2=" ">
    <subfield code="a">f-ua---</subfield>
  </datafield>
  <datafield tag="082" ind1="0" ind2="4">
    <subfield code="a">347.62072</subfield>
    <subfield code="b">&#x62F; &#x646; &#x627;</subfield>
    <subfield code="2">22</subfield>
  </datafield>
  <datafield tag="100" ind1="1" ind2=" ">
    <subfield code="a">&#x62F;&#x646;&#x627;&#x635;&#x648;&#x631;&#x64A;&#x60C; &#x639;&#x632; &#x627;&#x644;&#x62F;&#x64A;&#x646;.</subfield>
  </datafield>
  <datafield tag="245" ind1="1" ind2="2">
    <subfield code="a">&#x627;&#x644;&#x62A;&#x639;&#x644;&#x64A;&#x642; &#x639;&#x644;&#x649; &#x642;&#x627;&#x646;&#x648;&#x646; &#x627;&#x644;&#x645;&#x631;&#x627;&#x641;&#x639;&#x627;&#x62A; :</subfield>
    <subfield code="b">&#x637;&#x628;&#x642;&#x627; &#x644;&#x623;&#x62D;&#x62F;&#x62B; &#x627;&#x644;&#x62A;&#x639;&#x62F;&#x64A;&#x644;&#x627;&#x62A; &#x648; &#x623;&#x62D;&#x643;&#x627;&#x645; &#x645;&#x62D;&#x643;&#x645;&#x629; &#x627;&#x644;&#x646;&#x642;&#x636; &#x648; &#x627;&#x644;&#x62F;&#x633;&#x62A;&#x648;&#x631;&#x64A;&#x629; &#x627;&#x644;&#x639;&#x644;&#x64A;&#x627; /</subfield>
    <subfield code="c">&#x639;&#x632; &#x627;&#x644;&#x62F;&#x64A;&#x646; &#x627;&#x644;&#x62F;&#x646;&#x627;&#x635;&#x648;&#x631;&#x64A;&#x60C; &#x62D;&#x627;&#x645;&#x62F; &#x639;&#x643;&#x627;&#x632; &#x61B; &#x642;&#x627;&#x645; &#x628;&#x625;&#x636;&#x627;&#x641;&#x629; &#x62A;&#x639;&#x62F;&#x64A;&#x644;&#x627;&#x62A; &#x642;&#x627;&#x646;&#x648;&#x646; 76 &#x644;&#x633;&#x646;&#x629; 2007 &#x648;&#x62A;&#x62D;&#x62F;&#x64A;&#x62B; &#x623;&#x62D;&#x643;&#x627;&#x645; &#x627;&#x644;&#x646;&#x642;&#x636; &#x62E;&#x64A;&#x631;&#x62A; &#x631;&#x627;&#x636;&#x64A;.</subfield>
  </datafield>
  <datafield tag="250" ind1=" " ind2=" ">
    <subfield code="a">&#x637;. 13.</subfield>
  </datafield>
  <datafield tag="260" ind1=" " ind2=" ">
    <subfield code="a">&#x627;&#x644;&#x625;&#x633;&#x643;&#x646;&#x62F;&#x631;&#x64A;&#x629;&#x60C; &#x645;&#x635;&#x631; :</subfield>
    <subfield code="b">&#x62F;&#x627;&#x631; &#x627;&#x644;&#x645;&#x637;&#x628;&#x648;&#x639;&#x627;&#x62A; &#x627;&#x644;&#x62C;&#x627;&#x645;&#x639;&#x64A;&#x629;&#x60C;</subfield>
    <subfield code="c">2017.</subfield>
  </datafield>
  <datafield tag="300" ind1=" " ind2=" ">
    <subfield code="a">8 &#x645;&#x62C;. &#x61B;</subfield>
    <subfield code="c">24 &#x633;&#x645;.</subfield>
  </datafield>
  <datafield tag="504" ind1=" " ind2=" ">
    <subfield code="a">&#x64A;&#x634;&#x62A;&#x645;&#x644; &#x639;&#x644;&#x649; &#x625;&#x631;&#x62C;&#x627;&#x639;&#x627;&#x62A; &#x628;&#x628;&#x644;&#x64A;&#x648;&#x62C;&#x631;&#x627;&#x641;&#x64A;&#x629;.</subfield>
  </datafield>
  <datafield tag="610" ind1="1" ind2=" ">
    <subfield code="a">&#x645;&#x635;&#x631;.</subfield>
    <subfield code="b">&#x645;&#x62D;&#x643;&#x645;&#x629; &#x627;&#x644;&#x646;&#x642;&#x636;.</subfield>
    <subfield code="2">BUEsh</subfield>
    <subfield code="9">40940</subfield>
  </datafield>
  <datafield tag="610" ind1="1" ind2=" ">
    <subfield code="a">&#x645;&#x635;&#x631;.</subfield>
    <subfield code="b">&#x627;&#x644;&#x645;&#x62D;&#x643;&#x645;&#x629; &#x627;&#x644;&#x62F;&#x633;&#x62A;&#x648;&#x631;&#x64A;&#x629; &#x627;&#x644;&#x639;&#x644;&#x64A;&#x627;.</subfield>
    <subfield code="2">BUEsh</subfield>
    <subfield code="9">41178</subfield>
  </datafield>
  <datafield tag="650" ind1=" " ind2="7">
    <subfield code="a">&#x642;&#x627;&#x646;&#x648;&#x646; &#x627;&#x644;&#x645;&#x631;&#x627;&#x641;&#x639;&#x627;&#x62A;</subfield>
    <subfield code="z">&#x645;&#x635;&#x631;.</subfield>
    <subfield code="2">BUEsh</subfield>
  </datafield>
  <datafield tag="651" ind1=" " ind2=" ">
    <subfield code="2">BUEsh</subfield>
  </datafield>
  <datafield tag="653" ind1=" " ind2=" ">
    <subfield code="b">LLAAWW</subfield>
    <subfield code="c">March2019</subfield>
  </datafield>
  <datafield tag="655" ind1=" " ind2=" ">
    <subfield code="v">Reading book</subfield>
  </datafield>
  <datafield tag="700" ind1="1" ind2=" ">
    <subfield code="a">&#x639;&#x643;&#x627;&#x632;&#x60C; &#x62D;&#x627;&#x645;&#x62F;.</subfield>
  </datafield>
  <datafield tag="700" ind1="1" ind2=" ">
    <subfield code="a">&#x631;&#x627;&#x636;&#x64A;&#x60C; &#x62E;&#x64A;&#x631;&#x62A;.</subfield>
  </datafield>
  <datafield tag="942" ind1=" " ind2=" ">
    <subfield code="2">ddc</subfield>
  </datafield>
  <datafield tag="952" ind1=" " ind2=" ">
    <subfield code="0">0</subfield>
    <subfield code="1">0</subfield>
    <subfield code="2">ddc</subfield>
    <subfield code="4">0</subfield>
    <subfield code="7">0</subfield>
    <subfield code="8">Baccah</subfield>
    <subfield code="a">MAIN</subfield>
    <subfield code="b">MAIN</subfield>
    <subfield code="c">1ST</subfield>
    <subfield code="d">2019-03-30</subfield>
    <subfield code="e">Purchase</subfield>
    <subfield code="g">1200.00</subfield>
    <subfield code="o">347.62072 &#x62F; &#x646; &#x627;</subfield>
    <subfield code="p">000044511</subfield>
    <subfield code="r">2025-07-15 00:00:00</subfield>
    <subfield code="v">1500.00</subfield>
    <subfield code="y">NB</subfield>
    <subfield code="z">&#x645;&#x62C;. 1</subfield>
  </datafield>
  <datafield tag="952" ind1=" " ind2=" ">
    <subfield code="0">0</subfield>
    <subfield code="1">0</subfield>
    <subfield code="2">ddc</subfield>
    <subfield code="4">0</subfield>
    <subfield code="7">0</subfield>
    <subfield code="8">Baccah</subfield>
    <subfield code="a">MAIN</subfield>
    <subfield code="b">MAIN</subfield>
    <subfield code="c">1ST</subfield>
    <subfield code="d">2019-03-30</subfield>
    <subfield code="e">Purchase</subfield>
    <subfield code="o">347.62072 &#x62F; &#x646; &#x627;</subfield>
    <subfield code="p">000044512</subfield>
    <subfield code="r">2025-07-15 00:00:00</subfield>
    <subfield code="y">NB</subfield>
    <subfield code="z">&#x645;&#x62C;. 2</subfield>
  </datafield>
  <datafield tag="952" ind1=" " ind2=" ">
    <subfield code="0">0</subfield>
    <subfield code="1">0</subfield>
    <subfield code="2">ddc</subfield>
    <subfield code="4">0</subfield>
    <subfield code="7">0</subfield>
    <subfield code="8">Baccah</subfield>
    <subfield code="a">MAIN</subfield>
    <subfield code="b">MAIN</subfield>
    <subfield code="c">1ST</subfield>
    <subfield code="d">2019-03-30</subfield>
    <subfield code="e">Purchase</subfield>
    <subfield code="o">347.62072 &#x62F; &#x646; &#x627;</subfield>
    <subfield code="p">000044513</subfield>
    <subfield code="r">2025-07-15 00:00:00</subfield>
    <subfield code="y">NB</subfield>
    <subfield code="z">&#x645;&#x62C;. 3</subfield>
  </datafield>
  <datafield tag="952" ind1=" " ind2=" ">
    <subfield code="0">0</subfield>
    <subfield code="1">0</subfield>
    <subfield code="2">ddc</subfield>
    <subfield code="4">0</subfield>
    <subfield code="7">0</subfield>
    <subfield code="8">Baccah</subfield>
    <subfield code="a">MAIN</subfield>
    <subfield code="b">MAIN</subfield>
    <subfield code="c">1ST</subfield>
    <subfield code="d">2019-03-30</subfield>
    <subfield code="e">Purchase</subfield>
    <subfield code="o">347.62072 &#x62F; &#x646; &#x627;</subfield>
    <subfield code="p">000044514</subfield>
    <subfield code="r">2025-07-15 00:00:00</subfield>
    <subfield code="y">NB</subfield>
    <subfield code="z">&#x645;&#x62C;. 4</subfield>
  </datafield>
  <datafield tag="952" ind1=" " ind2=" ">
    <subfield code="0">0</subfield>
    <subfield code="1">0</subfield>
    <subfield code="2">ddc</subfield>
    <subfield code="4">0</subfield>
    <subfield code="7">0</subfield>
    <subfield code="8">Baccah</subfield>
    <subfield code="a">MAIN</subfield>
    <subfield code="b">MAIN</subfield>
    <subfield code="c">1ST</subfield>
    <subfield code="d">2019-03-30</subfield>
    <subfield code="e">Purchase</subfield>
    <subfield code="o">347.62072 &#x62F; &#x646; &#x627;</subfield>
    <subfield code="p">000044515</subfield>
    <subfield code="r">2025-07-15 00:00:00</subfield>
    <subfield code="y">NB</subfield>
    <subfield code="z">&#x645;&#x62C;. 5</subfield>
  </datafield>
  <datafield tag="952" ind1=" " ind2=" ">
    <subfield code="0">0</subfield>
    <subfield code="1">0</subfield>
    <subfield code="2">ddc</subfield>
    <subfield code="4">0</subfield>
    <subfield code="7">0</subfield>
    <subfield code="8">Baccah</subfield>
    <subfield code="a">MAIN</subfield>
    <subfield code="b">MAIN</subfield>
    <subfield code="c">1ST</subfield>
    <subfield code="d">2019-03-30</subfield>
    <subfield code="e">Purchase</subfield>
    <subfield code="o">347.62072 &#x62F; &#x646; &#x627;</subfield>
    <subfield code="p">000044516</subfield>
    <subfield code="r">2025-07-15 00:00:00</subfield>
    <subfield code="y">NB</subfield>
    <subfield code="z">&#x645;&#x62C;. 6</subfield>
  </datafield>
  <datafield tag="952" ind1=" " ind2=" ">
    <subfield code="0">0</subfield>
    <subfield code="1">0</subfield>
    <subfield code="2">ddc</subfield>
    <subfield code="4">0</subfield>
    <subfield code="7">0</subfield>
    <subfield code="8">Baccah</subfield>
    <subfield code="a">MAIN</subfield>
    <subfield code="b">MAIN</subfield>
    <subfield code="c">1ST</subfield>
    <subfield code="d">2019-03-30</subfield>
    <subfield code="e">Purchase</subfield>
    <subfield code="o">347.62072 &#x62F; &#x646; &#x627;</subfield>
    <subfield code="p">000044517</subfield>
    <subfield code="r">2025-07-15 00:00:00</subfield>
    <subfield code="y">NB</subfield>
    <subfield code="z">&#x645;&#x62C;. 7</subfield>
  </datafield>
  <datafield tag="952" ind1=" " ind2=" ">
    <subfield code="0">0</subfield>
    <subfield code="1">0</subfield>
    <subfield code="2">ddc</subfield>
    <subfield code="4">0</subfield>
    <subfield code="7">0</subfield>
    <subfield code="8">Baccah</subfield>
    <subfield code="a">MAIN</subfield>
    <subfield code="b">MAIN</subfield>
    <subfield code="c">1ST</subfield>
    <subfield code="d">2019-03-30</subfield>
    <subfield code="e">Purchase</subfield>
    <subfield code="o">347.62072 &#x62F; &#x646; &#x627;</subfield>
    <subfield code="p">000044518</subfield>
    <subfield code="r">2025-07-15 00:00:00</subfield>
    <subfield code="y">NB</subfield>
    <subfield code="z">&#x645;&#x62C;. 8</subfield>
  </datafield>
  <datafield tag="952" ind1=" " ind2=" ">
    <subfield code="0">0</subfield>
    <subfield code="1">0</subfield>
    <subfield code="2">ddc</subfield>
    <subfield code="4">0</subfield>
    <subfield code="7">0</subfield>
    <subfield code="8">Baccah</subfield>
    <subfield code="a">MAIN</subfield>
    <subfield code="b">MAIN</subfield>
    <subfield code="c">1ST</subfield>
    <subfield code="d">2019-03-30</subfield>
    <subfield code="e">Purchase</subfield>
    <subfield code="g">1200.00</subfield>
    <subfield code="o">347.62072 &#x62F; &#x646; &#x627;</subfield>
    <subfield code="p">000044519</subfield>
    <subfield code="r">2025-07-15 00:00:00</subfield>
    <subfield code="s">2023-10-08</subfield>
    <subfield code="v">1500.00</subfield>
    <subfield code="y">BB</subfield>
    <subfield code="z">&#x645;&#x62C;. 1</subfield>
  </datafield>
  <datafield tag="952" ind1=" " ind2=" ">
    <subfield code="0">0</subfield>
    <subfield code="1">0</subfield>
    <subfield code="2">ddc</subfield>
    <subfield code="4">0</subfield>
    <subfield code="7">0</subfield>
    <subfield code="8">Baccah</subfield>
    <subfield code="a">MAIN</subfield>
    <subfield code="b">MAIN</subfield>
    <subfield code="c">1ST</subfield>
    <subfield code="d">2019-03-30</subfield>
    <subfield code="e">Purchase</subfield>
    <subfield code="o">347.62072 &#x62F; &#x646; &#x627;</subfield>
    <subfield code="p">000044520</subfield>
    <subfield code="r">2025-07-15 00:00:00</subfield>
    <subfield code="y">BB</subfield>
    <subfield code="z">&#x645;&#x62C;. 2</subfield>
  </datafield>
  <datafield tag="952" ind1=" " ind2=" ">
    <subfield code="0">0</subfield>
    <subfield code="1">0</subfield>
    <subfield code="2">ddc</subfield>
    <subfield code="4">0</subfield>
    <subfield code="7">0</subfield>
    <subfield code="8">Baccah</subfield>
    <subfield code="a">MAIN</subfield>
    <subfield code="b">MAIN</subfield>
    <subfield code="c">1ST</subfield>
    <subfield code="d">2019-03-30</subfield>
    <subfield code="e">Purchase</subfield>
    <subfield code="o">347.62072 &#x62F; &#x646; &#x627;</subfield>
    <subfield code="p">000044521</subfield>
    <subfield code="r">2025-07-15 00:00:00</subfield>
    <subfield code="y">BB</subfield>
    <subfield code="z">&#x645;&#x62C;. 3</subfield>
  </datafield>
  <datafield tag="952" ind1=" " ind2=" ">
    <subfield code="0">0</subfield>
    <subfield code="1">0</subfield>
    <subfield code="2">ddc</subfield>
    <subfield code="4">0</subfield>
    <subfield code="7">0</subfield>
    <subfield code="8">Baccah</subfield>
    <subfield code="a">MAIN</subfield>
    <subfield code="b">MAIN</subfield>
    <subfield code="c">1ST</subfield>
    <subfield code="d">2019-03-30</subfield>
    <subfield code="e">Purchase</subfield>
    <subfield code="o">347.62072 &#x62F; &#x646; &#x627;</subfield>
    <subfield code="p">000044522</subfield>
    <subfield code="r">2025-07-15 00:00:00</subfield>
    <subfield code="y">BB</subfield>
    <subfield code="z">&#x645;&#x62C;. 4</subfield>
  </datafield>
  <datafield tag="952" ind1=" " ind2=" ">
    <subfield code="0">0</subfield>
    <subfield code="1">0</subfield>
    <subfield code="2">ddc</subfield>
    <subfield code="4">0</subfield>
    <subfield code="7">0</subfield>
    <subfield code="8">Baccah</subfield>
    <subfield code="a">MAIN</subfield>
    <subfield code="b">MAIN</subfield>
    <subfield code="c">1ST</subfield>
    <subfield code="d">2019-03-30</subfield>
    <subfield code="e">Purchase</subfield>
    <subfield code="o">347.62072 &#x62F; &#x646; &#x627;</subfield>
    <subfield code="p">000044523</subfield>
    <subfield code="r">2025-07-15 00:00:00</subfield>
    <subfield code="y">BB</subfield>
    <subfield code="z">&#x645;&#x62C;. 5</subfield>
  </datafield>
  <datafield tag="952" ind1=" " ind2=" ">
    <subfield code="0">0</subfield>
    <subfield code="1">0</subfield>
    <subfield code="2">ddc</subfield>
    <subfield code="4">0</subfield>
    <subfield code="7">0</subfield>
    <subfield code="8">Baccah</subfield>
    <subfield code="a">MAIN</subfield>
    <subfield code="b">MAIN</subfield>
    <subfield code="c">1ST</subfield>
    <subfield code="d">2019-03-30</subfield>
    <subfield code="e">Purchase</subfield>
    <subfield code="o">347.62072 &#x62F; &#x646; &#x627;</subfield>
    <subfield code="p">000044524</subfield>
    <subfield code="r">2025-07-15 00:00:00</subfield>
    <subfield code="y">BB</subfield>
    <subfield code="z">&#x645;&#x62C;. 6</subfield>
  </datafield>
  <datafield tag="952" ind1=" " ind2=" ">
    <subfield code="0">0</subfield>
    <subfield code="1">0</subfield>
    <subfield code="2">ddc</subfield>
    <subfield code="4">0</subfield>
    <subfield code="7">0</subfield>
    <subfield code="8">Baccah</subfield>
    <subfield code="a">MAIN</subfield>
    <subfield code="b">MAIN</subfield>
    <subfield code="c">1ST</subfield>
    <subfield code="d">2019-03-30</subfield>
    <subfield code="e">Purchase</subfield>
    <subfield code="o">347.62072 &#x62F; &#x646; &#x627;</subfield>
    <subfield code="p">000044525</subfield>
    <subfield code="r">2025-07-15 00:00:00</subfield>
    <subfield code="y">BB</subfield>
    <subfield code="z">&#x645;&#x62C;. 7</subfield>
  </datafield>
  <datafield tag="952" ind1=" " ind2=" ">
    <subfield code="0">0</subfield>
    <subfield code="1">0</subfield>
    <subfield code="2">ddc</subfield>
    <subfield code="4">0</subfield>
    <subfield code="7">0</subfield>
    <subfield code="8">Baccah</subfield>
    <subfield code="a">MAIN</subfield>
    <subfield code="b">MAIN</subfield>
    <subfield code="c">1ST</subfield>
    <subfield code="d">2019-03-30</subfield>
    <subfield code="e">Purchase</subfield>
    <subfield code="o">347.62072 &#x62F; &#x646; &#x627;</subfield>
    <subfield code="p">000044526</subfield>
    <subfield code="r">2025-07-15 00:00:00</subfield>
    <subfield code="y">BB</subfield>
    <subfield code="z">&#x645;&#x62C;. 8</subfield>
  </datafield>
</record>
